English king by battle #1 - Statistics

General Stats
  • This quiz has been taken 9 times
  • The average score is 11 of 15
Answer Stats
Hint Answer % Correct
Agincourt Henry V
100%
Gisors Richard I
100%
Bosworth Field Richard III
100%
Evesham Edward I
78%
Bannockburn Edward II
78%
Crécy Edward III
78%
Tinchebray Henry I
78%
Ewloe Henry II
78%
Lincoln (1141) Stephen
78%
Hastings William the conqueror
78%
Lincoln (1217) Henry III
67%
Bouvines John
67%
Towton Edward IV
56%
Brunanburh Athelstan
11%
Ringmere Ethelred the Unready
11%
No matching quizzes found
Score Distribution
Percent of People with Each Score
Percentile by Number Answered
Your Score History
You have not taken this quiz